000 00689nam a2200217Ia 4500
005 20220616102614.0
008 210716s2008 xx 000 0 und d
020 _a9788122418864
040 _cAIMIT LIBRARY
041 _aeng
082 _a001.42
_21
_bSINY
100 _aSingh, Yogesh Kumar.
_943216
245 _aFundamentals of research methodology and statistics /
_cBy Yogesh Kumar Singh.
250 _a1st ed.
260 _aNew Delhi :
_bNew Age International Pvt Ltd ,
_c2008.
300 _avi,314 p. ;
_bPB
_c25cm.
650 _aSurvey method
_943217
650 _aGenetic method
_943218
650 _aMeasures of central tendency
_943219
942 _2ddc
_cBK
_e1st
_k001.42 SINY
999 _c192002
_d192002